Special Relativity
Αποθηκεύτηκε σε:
| Κύριος συγγραφέας: | |
|---|---|
| Μορφή: | Βιβλίο |
| Γλώσσα: | English |
| Δημοσίευση: |
Berlin :
Springer-Verlag,
c1992
|
| Σειρά: | Lecture notes in physics. Monographs ;
; New series m |
| Θέματα: | |
| Ετικέτες: |
Προσθήκη ετικέτας
Δεν υπάρχουν, Καταχωρήστε ετικέτα πρώτοι!
|
MARC
| LEADER | 00000nam a2200000 i 4500 | ||
|---|---|---|---|
| 001 | 1/30689 | ||
| 008 | 960710s1992 eng d | ||
| 020 | |a 3-540-55049-6 | ||
| 035 | |a 1995 |l 10038634 | ||
| 040 | |a GR-MY-UA |b gre |e aacr | ||
| 041 | 0 | |a eng | |
| 082 | 0 | |a 530.11 | |
| 100 | 1 | |a Woodhouse, Nicholas Michael John |d 1949- | |
| 245 | 1 | 0 | |a Special Relativity / |c Nicholas M. J. Woodhouse |
| 260 | |a Berlin : |b Springer-Verlag, |c c1992 | ||
| 300 | |a 86 p.; |c 24 cm. | ||
| 490 | 1 | |a Lecture notes in physics. Monographs |v ; 6; New series m | |
| 500 | |a Includes index | ||
| 650 | 0 | 0 | |a Special relativity (Physics) |
| 830 | 0 | |a Lecture notes in physics. Monographs ; |v ; New series m | |
| 852 | |a INST |b SAMOS |e 19960710 |h 530.11 WOO |p 005300005216 |q 005300005216 |t BK |y 0 | ||
| 909 | |a Σ |b 039119 | ||